00681nam a22001812 450000100100000000500170001000800410002701000160006804000230008405000190010710000930012624500600021926000540027930000110033391000330034495201050037799900170048200001977920200929170133.0910610s1947 ag 000 0 spa  altf91061834 aDO-SdBNPcDLCdDLC00a4PQ Span Am 731 aFrias, Bernardino Fernandez de Velasco,cduque de,d1707-1771. [from old catalog]94225400aDeleite de la discrecion y facil escuela de la agudeza. aBuenos Aires, :bEspasa-Calpe Argentina,c[1947]. a190 p. aCatalogación derivada / LC 001050718MOaGRbGRcCTd2010-07-06iLF1l0o p19779-10r2020-06-25w2020-06-25y1ZNo se presta c19293d19293